[Event "Mazowiec-chT op 1112"]
[Site "Poland"]
[Date "2012.02.19"]
[Round "7.54"]
[White "Duniec, Mateusz"]
[Black "Zalewski, Piotr"]
[Result "1-0"]
[WhiteElo "1611"]
[BlackElo "1347"]
[PlyCount "70"]
[EventDate "2012.01.08"]
[EventType "team-swiss"]
[EventRounds "10"]
[EventCountry "POL"]
[SourceTitle "EXT 2019"]
[Source "ChessBase"]
[SourceDate "2018.10.10"]
[SourceVersion "1"]
[SourceVersionDate "2018.10.10"]
[SourceQuality "1"]

1. e4 e5 2. Nf3 Nc6 3. Bc4 Nf6 4. d4 exd4 5. 0-0 Bc5 6. e5 Ng4 7. Bxf7+ Kxf7 8. Ng5+ Ke8 9. Qxg4 d6 10. e6 Ne5 11. Qh5+ g6 12. Qe2 Rf8 13. Ne4 Nc6 14. Bg5 Ne7 15. Nf6+ Rxf6 16. Bxf6 c6 17. Nd2 Qc7 18. Nb3 Bb6 19. Nxd4 d5 20. Rfe1 Qf4 21. Qe5 Qxe5 22. Bxe5 Nf5 23. Nxf5 gxf5 24. Bd6 Bd4 25. Rad1 Bxb2 26. Rd3 b6 27. Rg3 Bxe6 28. Rxe6+ Kd7 29. Rh6 Re8 30. Re3 Bc1 31. Rxh7+ Kd8 32. Bc7+ Kc8 33. Rxe8+ Kb7 34. Bb8+ Ka6 35. Rxa7+ Kb5 1-0